VYAKARAN VYOM (Record no. 4233)
[ view plain ]
| 000 -LEADER | |
|---|---|
| fixed length control field | 00248nam a22001217a 4500 |
| 082 ## - DEWEY DECIMAL CLASSIFICATION NUMBER | |
| Classification number | 474 |
| Item number | JAI/V |
| 100 ## - MAIN ENTRY--AUTHOR NAME | |
| Personal name | JAIN, PRADEEP KUMAR |
| 245 ## - TITLE STATEMENT | |
| Title | VYAKARAN VYOM |
| 260 ## - PUBLICATION, DISTRIBUTION, ETC. (IMPRINT) | |
| Place of publication | NOIDA |
| Name of publisher | MADHUBUN |
| 300 ## - PHYSICAL DESCRIPTION | |
| Number of Pages | 400 |
| 650 ## - SUBJECT ADDED ENTRY--TOPICAL TERM | |
| Topical Term | GRAMMAR |
| Geographic subdivision | NOIDA |
| 942 ## - ADDED ENTRY ELEMENTS (KOHA) | |
| Koha item type | Books |
| Withdrawn status | Lost status | Collection code | Home library | Current library | Shelving location | Date acquired | Source of acquisition | Serial Enumeration / chronology | Full call number | Accession Number | Koha item type |
|---|---|---|---|---|---|---|---|---|---|---|---|
| Reference | Main Library | Main Library | 10/10/2022 | PURCHASE | 459 | 474 JAI/V | 12719 | Books |